000 00313nam a2200121 a 4500
005 20141022142000.0
008 090305s19uu xx 00 eng d
050 _aVHS
_bC48 2004
245 _aCirculatory III: Blood Transfusion.
650 _aVHS.
650 _aCirculatory III: Blood Transfusion
942 _cAVM
999 _c276221
_d276221